| 000 | 00648nam a2200181Ia 4500 | ||
|---|---|---|---|
| 008 | 151018s9999 xx 000 0 und d | ||
| 082 |
_bRBASDV21945 _a891.463 |
||
| 100 | _aसंगेवार विद्यासागर | ||
| 245 | _aछान छान गोष्टी | ||
| 250 | _b1 | ||
| 260 |
_bकौस्तुभ प्रकाशन _c1987 |
||
| 300 | _a54 | ||
| 600 | _aसंगेवार विद्यासागर | ||
| 630 | _aछान छान गोष्टी | ||
| 700 | _aसंगेवार विद्यासागर | ||
| 730 | _aछान छान गोष्टी | ||
| 942 | _cBOOK | ||
| 999 |
_c1021619 _d1021616 |
||